AFL Most Disposals All Time - Statistics

General Stats
  • This quiz has been taken 36 times
    10 since last reset
  • The average score is 19 of 30
Answer Stats
Position Team Disposals Retired Answer % Correct
3 North Melbourne 9213 2016 Brent Harvey
100%
6 Geelong 8896 2020 Gary Ablett
100%
2 St Kilda 9656 2008 Robert Harvey
100%
1 Collingwood 10787 - Scott Pendlebury
100%
15 Brisbane 8041 - Lachie Neale
86%
11 Geelong 8258 - Patrick Dangerfield
86%
5 Port Adelaide 8976 2025 Travis Boak
86%
14 Fremantle 8042 2022 David Mundy
71%
25 Richmond 7320 2024 Dustin Martin
71%
8 Geelong 8746 2022 Joel Selwood
71%
18 Hawthorn 7589 2019 Luke Hodge
71%
10 Hawthorn 8423 1991 Michael Tuck
71%
9 Hawthorn 8687 2017 Sam Mitchell
71%
19 Brisbane 7580 2013 Simon Black
71%
20 Hawthorn 7506 2019 Jordan Lewis
57%
24 Sydney 7372 2022 Josh Kennedy
57%
4 Richmond 9151 1983 Kevin Bartlett
57%
23 Hawthorn 7374 1985 Leigh Matthews
57%
26 Bulldogs 7313 2017 Matthew Boyd
57%
22 St Kilda 7375 2016 Nick Dal Santo
57%
30 Adelaide 7233 2017 Scott Thompson
57%
13 Collingwood 8193 - Steele Sidebottom
57%
17 St Kilda 7606 2018 Brendon Goddard
43%
21 Bulldogs 7431 - Jack Macrae
43%
27 Sydney 7311 - Luke Parker
43%
12 Bulldogs 8222 2008 Scott West
43%
16 Collingwood 7632 1994 Tony Shaw
43%
7 Carlton 8776 2002 Craig Bradley
29%
28 Geelong 7279 1983 Ian Nankervis
29%
29 Carlton 7236 2020 Kade Simpson
14%
No matching quizzes found
Score Distribution
Percent of People with Each Score
Percentile by Number Answered
Your Score History
You have not taken this quiz since the last reset